000 00363nam a22001217a 4500
082 _a345.5491 MAH
100 _aShaukat Mahmood
245 _aThe Code of Criminal Procedure : (Act V of 1898) as amended up-to-date
260 _aLahore
_bLegal Research Centre
_c2018
300 _a4626p
942 _2ddc
_cBK
999 _c540965
_d540965